| 000 | 00460nam a2200181Ia 4500 | ||
|---|---|---|---|
| 005 | 20250508154835.0 | ||
| 008 | 008 250505s9999 xx 000 0 hin d | ||
| 037 | _aTextual | ||
| 040 |
_aFEDL _beng _cFEDL |
||
| 041 |
_ahin _2hin |
||
| 084 |
_aFH, NAN _qFEDL |
||
| 100 | _aNanak Singh | ||
| 245 | 0 | _aEk myan do talwaren | |
| 260 |
_aDelhi, India _bRajpal and Sons |
||
| 300 | _a293p. | ||
| 942 |
_cTEXL _hFH, NAN |
||
| 999 |
_c1352423 _d1352423 |
||